Independent Review of Real Estate Investment Valuations (Record no. 121390)
[ view plain ]
| 000 -LEADER | |
|---|---|
| fixed length control field | 00957nam a22002057a 4500 |
| 008 - FIXED-LENGTH DATA ELEMENTS--GENERAL INFORMATION | |
| fixed length control field | 230307s2021 xxk|||||o|||| 00| 0 eng d |
| 041 ## - LANGUAGE CODE | |
| Language code of text/sound track or separate title | eng |
| 110 ## - MAIN ENTRY--CORPORATE NAME | |
| Corporate author | Royal Institution of Chartered Surveyors |
| 245 ## - TITLE STATEMENT | |
| Title | Independent Review of Real Estate Investment Valuations |
| Medium | [Electronic resource] |
| 260 ## - PUBLICATION INFORMATION | |
| Date | December 2021 |
| 300 ## - PHYSICAL DESCRIPTION | |
| Physical description | 81p. |
| 520 ## - ABSTRACT | |
| Abstract | 13 recommendations for the reform of the valuation profession, includes a rotation process for valuers, how to raise concerns, valuation audit trail, use of discounted cash flow, post-qualification revalidation and diversity. |
| 650 ## - KEYWORDS | |
| Keywords | SURVEYING PROFESSION |
| 651 ## - SUBJECT ADDED ENTRY--GEOGRAPHIC NAME | |
| Geographic name | International |
| 690 ## - BROAD SUBJECT | |
| 9 (RLIN) | 6273 |
| Broad subject | Valuation |
| 700 ## - ADDED PERSONAL NAME | |
| Added personal author | Gray, Peter J. Pereira |
| 710 ## - ADDED CORPORATE NAME | |
| Added corporate author | Royal Institution of Chartered Surveyors |
| 856 ## - ONLINE RESOURCE | |
| Uniform Resource Identifier | <a href="https://www.rics.org/content/dam/ricsglobal/documents/standards/independent_review_of_real_estate_investment_valuations.pdf">https://www.rics.org/content/dam/ricsglobal/documents/standards/independent_review_of_real_estate_investment_valuations.pdf</a> |
| Public note | Available free on RICS.org |
| 942 ## - ADDED ENTRY ELEMENTS (KOHA) | |
| Suppress in OPAC | Do not suppress in OPAC |
| Lost status | Damaged status | Not for loan | Current library | Shelving location | Date acquired | Total Checkouts | Date last seen | Price effective from | Koha item type |
|---|---|---|---|---|---|---|---|---|---|
| Virtual | Online | 07/03/2023 | 07/03/2023 | 07/03/2023 | Online material |